Llwytho...
Natural resource conservation and environment management /
| Prif Awdur: | |
|---|---|
| Fformat: | Printed Book |
| Cyhoeddwyd: |
New Delhi :
APH publishing corporation,
2003.
|
| Pynciau: |
| LEADER | 00507cam a2200145ua 4500 | ||
|---|---|---|---|
| 999 | |c 36009 |d 36009 | ||
| 020 | |a 9788176484763 | ||
| 082 | 1 | 4 | |a 333.7 |b ASI-N |
| 100 | 1 | |a Asish Ghosh | |
| 245 | 1 | 0 | |a Natural resource conservation and environment management / |
| 260 | |a New Delhi : |b APH publishing corporation, |c 2003. | ||
| 300 | |a 332p.; | ||
| 650 | 0 | |a Natural resource conservation | |
| 942 | |c BK | ||
| 952 | |0 0 |1 0 |4 0 |6 333_700000000000000_ASIN |7 0 |9 46168 |a KU |b KU |d 2015-07-05 |l 2 |o 333.7 ASI-N |p AE00982 |r 2018-08-29 |s 2018-07-27 |y BK | ||